| 000 | 00599nam a2200181Ia 4500 | ||
|---|---|---|---|
| 003 | GCL | ||
| 008 | 140319s9999 xx 000 0 ara d | ||
| 040 |
_aGCL / _cGCL |
||
| 082 | 0 | 4 |
_a239.8 _bم ا |
| 100 | 1 | _aمحمد بيومى مهران | |
| 245 | 1 | 0 |
_aالامام على زين العابدين / _cمحمد بيومى مهران |
| 300 | _a221 ص | ||
| 490 |
_aفى رحاب النبى وآل بيته الطاهرين _v0 |
||
| 650 | 0 | 4 | _aالاسلام |
| 650 | 0 | 4 | _aالسيرة النبوية - اهل البيت |
| 650 | 0 | 4 | _aالامام على بن ابى طالب |
| 942 |
_2ddc _cBK |
||
| 999 |
_c49383 _d49383 |
||